<?xml version="1.0" encoding="UTF-8"?><?xml-stylesheet type="text/xsl" href="static/style.xsl"?><OAI-PMH xmlns="http://www.openarchives.org/OAI/2.0/" xmlns:xsi="http://www.w3.org/2001/XMLSchema-instance" xsi:schemaLocation="http://www.openarchives.org/OAI/2.0/ http://www.openarchives.org/OAI/2.0/OAI-PMH.xsd"><responseDate>2026-06-05T04:04:29Z</responseDate><request verb="GetRecord" identifier="oai:riuma.uma.es:10630/26115" metadataPrefix="marc">https://riuma.uma.es/rest/oai/request</request><GetRecord><record><header><identifier>oai:riuma.uma.es:10630/26115</identifier><datestamp>2026-02-03T11:13:47Z</datestamp><setSpec>com_10630_2254</setSpec><setSpec>col_10630_37953</setSpec></header><metadata><record xmlns="http://www.loc.gov/MARC21/slim" xmlns:dcterms="http://purl.org/dc/terms/" xmlns:doc="http://www.lyncode.com/xoai" xmlns:xsi="http://www.w3.org/2001/XMLSchema-instance" xsi:schemaLocation="http://www.loc.gov/MARC21/slim http://www.loc.gov/standards/marcxml/schema/MARC21slim.xsd">
   <leader>00925njm 22002777a 4500</leader>
   <datafield ind2=" " ind1=" " tag="042">
      <subfield code="a">dc</subfield>
   </datafield>
   <datafield ind2=" " ind1=" " tag="720">
      <subfield code="a">Pięta, Ewa</subfield>
      <subfield code="e">author</subfield>
   </datafield>
   <datafield ind2=" " ind1=" " tag="720">
      <subfield code="a">Paluszkiewicz, Czesława</subfield>
      <subfield code="e">author</subfield>
   </datafield>
   <datafield ind2=" " ind1=" " tag="720">
      <subfield code="a">M. Kwiatek, Wojciech</subfield>
      <subfield code="e">author</subfield>
   </datafield>
   <datafield ind2=" " ind1=" " tag="720">
      <subfield code="a">López-Ramírez, María Rosa</subfield>
      <subfield code="e">author</subfield>
   </datafield>
   <datafield ind2=" " ind1=" " tag="260">
      <subfield code="c">2023-02-10</subfield>
   </datafield>
   <datafield ind2=" " ind1=" " tag="520">
      <subfield code="a">This is the first work to describe the vibrational properties of the anticancer drug batimastat (BB-94) as an inhibitor of extracellular matrix metalloproteinase with a broad spectrum of activity. In addition, the adsorption of this molecule onto a silver roughened electrode surface using surface-enhanced Raman spectroscopy (SERS) was studied. This research provides a complete account of the influence of applied electrode potential and excitation wavelengths at the molecule-metal interface. Although vibrational assignment becomes more difficult as the molecule size increases, we performed density functional theory (DFT) at the B3LYP/6-31G(d,p) level of theory to calculate molecular geometry in the equilibrium state and Raman frequencies to clarify the nature of vibrational modes. The greatest amplification of the SERS signal occurs for the electrode potential of −0.3 V for the 532 nm excitation line and shifts as moves to the near-infrared laser line at 785 nm. The conclusion is that the mercaptothiophene part and one of the amide groups interact with the metal surface. This results in a charge transfer resonant process in the SERS of this molecule, which has been found by analyzing the charge transfer SERS profiles. Finally, there is the possibility of the formation of different adsorption species or metal complexes on the surface that could contribute to the whole signal observed in the SERS spectra.</subfield>
   </datafield>
   <datafield ind1="8" ind2=" " tag="024">
      <subfield code="a">Pięta E, Paluszkiewicz C, Kwiatek WM, López-Ramírez MR. Analyzing the Electrochemical Interaction of the Angiogenesis Inhibitor Batimastat by Surface-Enhanced Raman Spectroscopy. Chemosensors. 2023; 11(2):128. https://doi.org/10.3390/chemosensors11020128</subfield>
   </datafield>
   <datafield ind1="8" ind2=" " tag="024">
      <subfield code="a">https://hdl.handle.net/10630/26115</subfield>
   </datafield>
   <datafield ind1="8" ind2=" " tag="024">
      <subfield code="a">https://doi.org/10.3390/chemosensors11020128</subfield>
   </datafield>
   <datafield tag="653" ind2=" " ind1=" ">
      <subfield code="a">Química física</subfield>
   </datafield>
   <datafield ind2="0" ind1="0" tag="245">
      <subfield code="a">Analyzing the Electrochemical Interaction of the Angiogenesis Inhibitor Batimastat by Surface-Enhanced Raman Spectroscopy</subfield>
   </datafield>
</record>
</metadata></record></GetRecord></OAI-PMH>